Normal view
MARC view
- Johnson, Cynthia,
Entry Personal Name
001 - CONTROL NUMBER
- control field: 7295
003 - CONTROL NUMBER IDENTIFIER
- control field: NUST
005 - DATE AND TIME OF LATEST TRANSACTION
- control field: 20171214165555.0
008 - FIXED-LENGTH DATA ELEMENTS
- fixed length control field: 171214|| aca||aabn | a|a d
040 ## - CATALOGING SOURCE
- Original cataloging agency: NUST
- Transcribing agency: NUST
100 ## - HEADING--PERSONAL NAME
- Personal name: Johnson, Cynthia,
- Dates associated with a name: 1969-
670 ## - SOURCE DATA FOUND
- Source citation: Work cat.: (NUST)0: Austen, Jane, 1775-1817. 3693, Pride and prejudice /, 2004.
